Niektoré nové trendy v trestnom súdnictve vo Veľkej Británii

Bibliographic Details
Main Author: Jalč, Adrián, 1977- (Author)
Format: Article
Language:Slovak
ISSN:1335-6461
Subjects:

MARC

LEADER 00000nab a2200000 a 4500
001 vtls000833763
003 SK-MaSNL
005 20260304115846.0
008 250429c2003 xo 0 slo
015 |a SNBRB2003/04-11491 
035 |a CLN000185418 
035 |a urn:nbn:sk:snk-abq2p 
035 |a (urnnbn)urn:nbn:sk:snk:ar-003ez6 
035 |a (uuid)77db96e4-c6e8-4d04-8e8c-fc136f48ea31 
040 |a SNKBUCL  |b slo  |c SNKBUCL  |e AACR2 
041 0 |a slo 
044 |a xo  |c SK 
080 |a 347.99(410):343  |2 1997 
080 |a 343.19(410)  |2 1997 
100 1 |a Jalč, Adrián,  |d 1977-  |4 aut  |9 203066 
245 1 0 |a Niektoré nové trendy v trestnom súdnictve vo Veľkej Británii  |c Adrián Jalč 
504 |a Bibliogr. odkazy 
650 0 7 |a súdnictvo trestné  |z Veľká Británia  |2 snkbucl  |9 1422908 
655 7 |a články z novín a časopisov  |2 snkbucl  |9 267496 
773 0 |t Justičná revue  |g Roč. 55, č. 3 (2003), s. 309-314  |x 1335-6461 
850 |a Slovenská národná knižnica 
852 |a Slovenská národná knižnica 
954 |a odborná, vedecká literatúra pôvodná (slovenská)  |2 lita 
958 |a article27 
958 |a OND 
958 |a GB 
958 |a NB 
958 |a EUIPO 
992 |a RBX 
999 |c 2877857  |d 2879787